00262nam a2200121Ia 4500100001900000250000600019654001400025245003500039260002800074082001800102300000800120546001200128 aGhezzi/ Carlo  a2 aLanguages aProgramming Language Concepts bJohn Wiley & Sonsc1982 a5.13bGHE/JAZ a428 aENGLISH